Filsafat Islam / (Record no. 87218)

MARC details
000 -LEADER
fixed length control field 00687cam a22002411a 4500
001 - CONTROL NUMBER
control field sa 68016631
003 - CONTROL NUMBER IDENTIFIER
control field DLC
005 - DATE AND TIME OF LATEST TRANSACTION
control field 20260227112656.0
008 - FIXED-LENGTH DATA ELEMENTS--GENERAL INFORMATION
fixed length control field 830328s1967 io b 000 0 ind
010 ## - LIBRARY OF CONGRESS CONTROL NUMBER
LC control number sa 68016631
035 ## - SYSTEM CONTROL NUMBER
System control number (OCoLC)9351381
040 ## - CATALOGING SOURCE
Original cataloging agency DLC
Transcribing agency OAU
Modifying agency DLC
042 ## - AUTHENTICATION CODE
Authentication code premarc
050 00 - LIBRARY OF CONGRESS CALL NUMBER
Classification number B741
Item number .H3
100 1# - MAIN ENTRY--PERSONAL NAME
Personal name Hanafi, A.
245 10 - TITLE STATEMENT
Title Filsafat Islam /
Statement of responsibility, etc. oleh A. Hanafi M.A.
260 ## - PUBLICATION, DISTRIBUTION, ETC.
Place of publication, distribution, etc. Jogjakarta :
Name of publisher, distributor, etc. "Sumbangsih" ,
Date of publication, distribution, etc. [1967?]
300 ## - PHYSICAL DESCRIPTION
Extent 271 p. ;
Dimensions 21 cm.
500 ## - GENERAL NOTE
General note Cover Title.
500 ## - GENERAL NOTE
General note "Diterbitkan kembali, dengan mengalami perobahan, perbaikan dan penambahan."
504 ## - BIBLIOGRAPHY, ETC. NOTE
Bibliography, etc. note Bibliography : p. 270-271.
650 #0 - SUBJECT ADDED ENTRY--TOPICAL TERM
Topical term or geographic name entry element Islamic philosophy.

No items available.

Powered by Koha